| 000 | 01440nam a22002417a 4500 | ||
|---|---|---|---|
| 005 | 20240724233245.0 | ||
| 008 | s2554 th ||||| |||| 00| 0 tha d | ||
| 050 | _aHE192.55.T5 ค149ค 2554 | ||
| 245 | 1 | 0 | _aแผนหลักการพัฒนาระบบขนส่งและจราจร พ.ศ. 2554-2563 |
| 260 | 3 |
_aกรุงเทพฯ : _bสำนักงานนโยบายและแผนการขนส่งและจราจร กระทรวงคมนาคม, _c2554 |
|
| 300 |
_a1 เล่ม : _b ภาพประกอบ, ตาราง, แผนที่ ; _c 29 ซม. |
||
| 610 | _aกระทรวงคมนาคม. สำนักงานนโยบายและแผนการขนส่งและจราจร | ||
| 650 | 0 | 4 | _aการขนส่งทางอากาศ -- วิจัย |
| 650 | 0 | 4 | _aการขนส่งทางน้ำ -- วิจัย |
| 650 | 0 | 4 | _aการขนส่งทางราง -- วิจัย |
| 650 | 0 | 4 | _aการขนส่งทางถนน -- วิจัย |
| 650 | 0 | 4 | _aการขนส่ง -- วิจัย |
| 850 | _aNALT | ||
| 942 | _cRSH | ||
| 997 | _aบ23731บ23735 (เพิ่ม 1 เล่ม) | ||
| 997 | _c000000000063304 | ||
| 998 | _aนางสุกัญญา กัลยา | ||
| 999 |
_c63304 _d63304 |
||